Sacrosancta CONCILIA Ad Regiam Editionem Exacta Quae olim Quarta Parte prodiit Auctior Studio Philip. Labbei, & Gabr. Cossartii, Soc. JESU Presbyterorum; Nunc verò integre insertis Stephani Baluzzi, & Joannis Harduini additamentis, plurimis praeterea undecumque conquisitis monumentis, notis insuper ac observationibus, firmiori fundamento Conciliorum epochas praecipue fulcientibus, longè locupletior, & emendatior exhibetur, Curante Nicolao Coleti Ecclesiae S. Moysis Venetiarum Sacerdote Alumno. TOMUS VIGESIMI Ab Anno MDXLV ad Annum MDLXV Venetiis, MDCCXXXIII Apud Jo: Baptistam Albrizzi Hieron. Fil. et Sebastianum Coleti. Cum Veneti Senatus Privilegio

Zapisane w:
Opis bibliograficzny
Główni autorzy: Labbei, S. J., Felipe (Autor), Cossarti, S. J., Gabriel (Autor)
Format: Książka
Język:łaciński
Wydane: Venecia Juan Buatista Albrizzi y Sebastian Coleti 1533
Wydanie:1a. ed
Hasła przedmiotowe:
Etykiety: Dodaj etykietę
Nie ma etykietki, Dołącz pierwszą etykiete!

MARC

LEADER 00000nam a2200000 a 4500
001 UCJ8581
003 CL-VaPUC
008 070124e15330000IT |||||||||||||||||lat|d
082 0 4 |a 262  |b LAB  |2 21 
100 |a Labbei, S. J., Felipe  |e author  |9 517417 
700 0 |a Cossarti, S. J., Gabriel  |e author  |9 517416 
245 1 0 |a Sacrosancta CONCILIA Ad Regiam Editionem Exacta Quae olim Quarta Parte prodiit Auctior Studio Philip. Labbei, & Gabr. Cossartii, Soc. JESU Presbyterorum; Nunc verò integre insertis Stephani Baluzzi, & Joannis Harduini additamentis, plurimis praeterea undecumque conquisitis monumentis, notis insuper ac observationibus, firmiori fundamento Conciliorum epochas praecipue fulcientibus, longè locupletior, & emendatior exhibetur, Curante Nicolao Coleti Ecclesiae S. Moysis Venetiarum Sacerdote Alumno. TOMUS VIGESIMI Ab Anno MDXLV ad Annum MDLXV Venetiis, MDCCXXXIII Apud Jo: Baptistam Albrizzi Hieron. Fil. et Sebastianum Coleti. Cum Veneti Senatus Privilegio 
250 |a 1a. ed 
300 |a 1469 p 
942 |c BK 
945 |d 20070124 00:00:00  |a rinostro 
260 |a Venecia  |b Juan Buatista Albrizzi y Sebastian Coleti  |c 1533 
500 |a Fol.-, Perg.- Port.- v. en b.- Syllabus.- Apostillado. Formato .40x.28 m 
650 0 |a Concilios  |9 315984 
650 0 |a Documentos pontificios   |9 255642 
650 7 |a LIBRO RARO  |2 CL-VaPUC  |9 504169 
650 0 |a Concilio de Trento  |9 318307 
583 |a last modification  |c 20130925 05:01:08  |k Rodrigo Vera 
999 |c 324253  |d 324251 
952 |0 0  |1 0  |4 0  |6 262_000000000000000_LAB_1533  |7 0  |8 X  |9 404228  |a FDOBUD  |b FDOBUD  |d 2019-11-22  |h v.20  |i 1079867  |o 262 LAB 1533  |p 1079867  |r 2019-11-22  |w 2019-11-22  |y BK_X  |k BUD